Normal view
MARC view
Entry Personal Name
001 - CONTROL NUMBER
- control field: 111023
003 - CONTROL NUMBER IDENTIFIER
- control field: OSt
005 - DATE AND TIME OF LATEST TRANSACTION
- control field: 20220918204208.0
008 - FIXED-LENGTH DATA ELEMENTS
- fixed length control field: 220918|| aca||aabn | a|a d
040 ## - CATALOGING SOURCE
- Original cataloging agency: OSt
- Transcribing agency: OSt
100 ## - HEADING--PERSONAL NAME
- Personal name: Dalberg Acton J E E
670 ## - SOURCE DATA FOUND
- Source citation: Work cat.: (OSt)234751: Dalberg Acton J E E, Lectures on the French Revolution ed by John Neville Figgis and Reginald Vere Laurence, 1932
